000 00554nam a2200181Ia 4500
008 100921s9999 xx 000 0 und d
082 _b13806
_a820 ढ 82
100 _aCotton J.S.
245 _aRulers Of India.
260 _bऑक्सफर्ड युनिव्हरसीटी प्रेस ,लंडन.
_c1882
300 _a222
_b---
365 _b0
520 _aललित इंग्रजी.
630 _aRulers Of India.
650 _aललित इंग्रजी.
730 _aRulers Of India.
942 _cBOOK
999 _c762919
_d762916